Football quiz n°15 - Statistiques

Statistiques générales
  • Ce quiz a été pris 184 fois
    183 depuis la dernière actualisation
  • Le résultat moyen est 5 sur 15
Statistiques - réponses
Questions Réponses % Correct
Surnom de la coupe de la Ligue des Champions La coupe aux grandes oreilles
76%
Vainqueur de la Copa America en 2015 et 2016 Chili
74%
Brésilien buteur sur coup franc contre la Colombie en 2014 David Luiz
62%
Equipe qui a la plus petite capacité de Ligue 1 (12 381 places) Clermont
52%
Suisse passé par la Juventus puis Monaco Denis Zakaria
41%
Défenseur ivoirien passé par Liverpool Kolo Touré
41%
Dinamo, CSKA et Spartak Moscou. Quel est le 4è club de la ville ? Lokomotiv
39%
Brésilien passé par le Torino et la Juventus Bremer
34%
Meilleur buteur + passeur sur l'année 2023 Harry Kane
32%
Premier club de N'golo Kanté US Boulogne
28%
Vainqueur du Golden Boy 2018 De Ligt
17%
Elu meilleur joueur de Premier League en 2013-2014 Luis Suarez
14%
Fondateur du FC Barcelone Joan Gamper
7%
Joueur de l'année en MLS en 2015 Sebastian Giovinco
5%
Meilleur buteur de -21 ans en 2021 Florian Wirtz
0%
Aucun quiz correspondant
Distribution des résultats
% des personnes avec chaque résultat
Percentile par nombre de réponses
Votre historique - résultats
Vous n’avez pas pris ce quiz depuis la dernière actualisation